Personnalités au hasard #71 - Statistiques

Statistiques générales
  • Ce quiz a été pris 136 fois
  • Le résultat moyen est 7 sur 32
Statistiques - réponses
Par images Réponse % Correct
Ousmane Dembélé
83%
Kingsley Coman
70%
Vinicius Júnior
70%
TheoBabac
52%
Jared Leto
50%
Usher
45%
Kristen Stewart
44%
Christian Bale
43%
Michael Douglas
37%
Kevin Jonas
33%
Mentissa
30%
Catherine Ringer
27%
N.O.S
26%
Laura Dern
14%
Kareen Guiock Thuram
12%
Christina Ricci
11%
Chance the Rapper
10%
Crazy Sally
10%
Jennifer Coolidge
10%
Marc Beaugé
10%
Oleksandr Usyk
10%
Nicolas de Tavernost
8%
Dany Caligula
7%
Robert Carlyle
6%
Etta James
5%
Benoît Jacquot
3%
Candace Owens
3%
Eric Adams
3%
Joe Cocker
3%
Linda McCartney
3%
Katoucha Niane
2%
Toni Morrison
2%
Aucun quiz correspondant
Distribution des résultats
% des personnes avec chaque résultat
Percentile par nombre de réponses
Votre historique - résultats
Vous n’avez pas pris ce quiz